<?xml version="1.0" encoding="UTF-8"?>
<record
    xmlns:xsi="http://www.w3.org/2001/XMLSchema-instance"
    xsi:schemaLocation="http://www.loc.gov/MARC21/slim http://www.loc.gov/standards/marcxml/schema/MARC21slim.xsd"
    xmlns="http://www.loc.gov/MARC21/slim">

  <leader>00332nam a2200145Ia 4500</leader>
  <controlfield tag="008">150201s2004    xx            000 0 und d</controlfield>
  <datafield tag="082" ind1=" " ind2=" ">
    <subfield code="a">617.5</subfield>
    <subfield code="b">C2004D</subfield>
  </datafield>
  <datafield tag="100" ind1=" " ind2=" ">
    <subfield code="a">S.DAS</subfield>
  </datafield>
  <datafield tag="245" ind1=" " ind2=" ">
    <subfield code="a">CLINICAL SURGERY</subfield>
  </datafield>
  <datafield tag="250" ind1=" " ind2=" ">
    <subfield code="a">6TH</subfield>
  </datafield>
  <datafield tag="260" ind1=" " ind2=" ">
    <subfield code="b">S.DAS PUBLICATION</subfield>
    <subfield code="a">DELHI</subfield>
    <subfield code="c">2004</subfield>
  </datafield>
  <datafield tag="300" ind1=" " ind2=" ">
    <subfield code="a">1-478</subfield>
  </datafield>
  <datafield tag="650" ind1=" " ind2=" ">
    <subfield code="a">SURGERY</subfield>
  </datafield>
  <datafield tag="942" ind1=" " ind2=" ">
    <subfield code="2">ddc</subfield>
    <subfield code="c">BK</subfield>
    <subfield code="0">12</subfield>
  </datafield>
  <datafield tag="952" ind1=" " ind2=" ">
    <subfield code="0">0</subfield>
    <subfield code="1">0</subfield>
    <subfield code="2">ddc</subfield>
    <subfield code="4">0</subfield>
    <subfield code="7">0</subfield>
    <subfield code="a">FD</subfield>
    <subfield code="b">FD</subfield>
    <subfield code="d">2005-03-10</subfield>
    <subfield code="e">U.B.S.DELHI</subfield>
    <subfield code="g">490.00</subfield>
    <subfield code="h">1</subfield>
    <subfield code="i">SGTU</subfield>
    <subfield code="l">24</subfield>
    <subfield code="o">617.5 C2004D</subfield>
    <subfield code="p">FD3106</subfield>
    <subfield code="r">2022-05-02 00:00:00</subfield>
    <subfield code="s">2022-05-02</subfield>
    <subfield code="w">2012-04-12</subfield>
    <subfield code="y">BK</subfield>
    <subfield code="k">1305</subfield>
  </datafield>
  <datafield tag="952" ind1=" " ind2=" ">
    <subfield code="0">0</subfield>
    <subfield code="1">0</subfield>
    <subfield code="2">ddc</subfield>
    <subfield code="4">0</subfield>
    <subfield code="7">0</subfield>
    <subfield code="a">FD</subfield>
    <subfield code="b">FD</subfield>
    <subfield code="d">2005-03-10</subfield>
    <subfield code="e">U.B.S.DELHI</subfield>
    <subfield code="g">490.00</subfield>
    <subfield code="h">1</subfield>
    <subfield code="i">SGTU</subfield>
    <subfield code="l">17</subfield>
    <subfield code="o">617.5 C2004D</subfield>
    <subfield code="p">FD3107</subfield>
    <subfield code="r">2025-12-25 00:00:00</subfield>
    <subfield code="s">2025-12-15</subfield>
    <subfield code="w">2012-04-12</subfield>
    <subfield code="y">BK</subfield>
    <subfield code="k">1305</subfield>
  </datafield>
  <datafield tag="952" ind1=" " ind2=" ">
    <subfield code="0">0</subfield>
    <subfield code="1">0</subfield>
    <subfield code="2">ddc</subfield>
    <subfield code="4">0</subfield>
    <subfield code="7">0</subfield>
    <subfield code="a">FD</subfield>
    <subfield code="b">FD</subfield>
    <subfield code="d">2005-03-10</subfield>
    <subfield code="e">U.B.S.DELHI</subfield>
    <subfield code="g">490.00</subfield>
    <subfield code="h">1</subfield>
    <subfield code="i">SGTU</subfield>
    <subfield code="l">20</subfield>
    <subfield code="o">617.5 C2004D</subfield>
    <subfield code="p">FD3108</subfield>
    <subfield code="r">2025-05-06 00:00:00</subfield>
    <subfield code="s">2025-05-05</subfield>
    <subfield code="w">2012-04-12</subfield>
    <subfield code="y">BK</subfield>
    <subfield code="k">1305</subfield>
  </datafield>
  <datafield tag="952" ind1=" " ind2=" ">
    <subfield code="0">0</subfield>
    <subfield code="1">0</subfield>
    <subfield code="2">ddc</subfield>
    <subfield code="4">0</subfield>
    <subfield code="7">0</subfield>
    <subfield code="a">FD</subfield>
    <subfield code="b">FD</subfield>
    <subfield code="d">2005-03-10</subfield>
    <subfield code="e">U.B.S.DELHI</subfield>
    <subfield code="g">490.00</subfield>
    <subfield code="h">1</subfield>
    <subfield code="i">SGTU</subfield>
    <subfield code="l">22</subfield>
    <subfield code="o">617.5 C2004D</subfield>
    <subfield code="p">FD3109</subfield>
    <subfield code="r">2024-03-30 00:00:00</subfield>
    <subfield code="s">2024-03-22</subfield>
    <subfield code="w">2012-04-12</subfield>
    <subfield code="y">BK</subfield>
    <subfield code="k">1305</subfield>
  </datafield>
  <datafield tag="952" ind1=" " ind2=" ">
    <subfield code="0">0</subfield>
    <subfield code="1">0</subfield>
    <subfield code="2">ddc</subfield>
    <subfield code="4">0</subfield>
    <subfield code="7">0</subfield>
    <subfield code="a">FD</subfield>
    <subfield code="b">FD</subfield>
    <subfield code="d">2005-03-10</subfield>
    <subfield code="e">U.B.S.DELHI</subfield>
    <subfield code="g">490.00</subfield>
    <subfield code="h">1</subfield>
    <subfield code="i">SGTU</subfield>
    <subfield code="l">20</subfield>
    <subfield code="o">617.5 C2004D</subfield>
    <subfield code="p">FD3110</subfield>
    <subfield code="r">2022-05-03 00:00:00</subfield>
    <subfield code="s">2022-05-03</subfield>
    <subfield code="w">2012-04-12</subfield>
    <subfield code="y">BK</subfield>
    <subfield code="k">1305</subfield>
  </datafield>
  <datafield tag="999" ind1=" " ind2=" ">
    <subfield code="c">3170</subfield>
    <subfield code="d">3170</subfield>
  </datafield>
</record>
